000 03900nab a2200361 i 4500
003 BR-BrBNA
005 20241015092456.0
008 241015b2019 bl.|r|pooa||| 00| 0 eng |
040 _aBR-BrBNA
_beng
072 _aL53
_b5120
100 _aGheller, S.M.M.
100 _aCorcini, C.D.
100 _aSantos, F.C.C.
100 _aTavares, G.C.
100 _aCosta, V.G.G.
100 _aCurcio, B.R.
100 _aNogueira, C.E.W.
100 _aVarela Junior, A.S.
245 _aThe effects of xanthan gum on equine sperm quality during cooling storage
500 _aPublicação online; 21 ref.; 5 tables; Summaries (En, Pt)
520 _a ABSTRACT - This study was designed to evaluate the possible benefits of adding xanthan gum to a standard extender for equine through in vitro analyzes of sperm quality. Semen was collected four times from five different stallions (n= 20 samples) and subjected to cooled storage under different conditions: control (only standard extender) and three different concentrations of xanthan gum (0.01%, 0.12%, and 0.25%) supplemented to the extenders. Sperm parameters, such as motility, mitochondrial functionality, and membrane, acrosome, and DNA integrity were measured after 0h, 24h, 48h, and 72h of sperm storage at 5ºC. Our observations indicated that sperm motility declined with longer cooling period with the 0.25% xanthan gum supplementation group compared with the control group. Other parameters, such as mitochondrial functionality and membrane and acrosome integrity also declined for all treatments during storage; however, no differences were observed between xanthan gum and control groups. DNA integrity did not significantly change during the storage. In conclusion, the addition of xanthan gum to equine semen extender is not harmful to the sperm structure, despite reducing the sperm motility. Keywords: cooled, stallion, semen, spermatozoa, storage
520 _a RESUMO - Esse estudo foi desenvolvido para avaliar os possíveis benefícios de acrescentar xanthan gum a um extensor padrão através de analises in vitro de qualidade de esperma. Semen foi coletado quatro vezes de cinco garanhões diferentes (n = 20 amostras) e submetido a armazenamen to resfriado em diferentes condições: controle (apenas extensor padrão) e três diferentes concentrações de xanthan gum (0,01%, 0,12% e 0,25%) suplementado aos extensores. Parâmetros dos espermatozoides, como mobilidade, funcionamento mitocondrial e integridade de membranas, acrossomos e DNA forma medidos após 0h, 24h, 48h e 72h de armazenamento a 5oC. Nossas observações indicaram que motilidade reduziu com armazenamento resfriado prolongado no grupo de 0,25% de suplementação de xanthan gum comparado ao grupo controle. Outros parâmetros, como funcionalidade mitocondrial e integridade de membrana e acrossomos também reduziu em todos os tratamentos durante o armazenamento, no entanto não foram detectadas diferenças significativas entre grupos tratados e grupo controle. Integridade de DNA não mudou significativamente durante armazenamento. Em conclusão, a adição de xanthan gum a extensor de sêmen equino não é danosa à estrutura do espermatozoide apesar de reduzir motilidade. Palavras-chave: resfriamento, garanhão, sêmen, espermatozoide, armazenamento
650 _aGARANHÃO
650 _aAPARELHO REPRODUTOR
650 _aSEMEN
650 _aESPERMATOZOIDE
650 _aARMAZENAMENTO
650 _aRESFRIAMENTO
773 0 _01643
_9345321
_dBelo Horizonte-MG Universidade Federal de Minas Gerais - Escola de Veterinaria 1983
_o2024-5846
_tArquivo Brasileiro de Medicina Veterinária e Zootecnia (Brazil)
_x0102-0935
_gv. 71(1) p. 28-34. (2019)
_wBR2024002871
856 _uhttps://www.scielo.br/j/abmvz/a/mWHCtBTLMjQdFkX73tRcF9v/?format=pdf&lang=en
942 _cANA
999 _c328110
_d328110